|
|
|
|
| LEADER |
00901nab a2200157 i 4500 |
| 001 |
univ49591 |
| 005 |
20190129084502.0 |
| 008 |
190129s2019 hu o 0|| zxx d |
| 040 |
|
|
|a SZTE UnivHistória Repozitórium
|b hun
|
| 041 |
|
|
|a zxx
|
| 245 |
0 |
0 |
|a Semmelweis Ignác emlékére avattak szobrot Genfben, a WHO székházában
|h [elektronikus dokumentum]
|
| 260 |
|
|
|c 2019-01-28
|
| 490 |
0 |
|
|a SZTE Info
|
| 561 |
|
|
|a Egyetemi hirarchívum
|
| 695 |
|
|
|a Szegedi Tudományegyetem - szoboradományozás, Szoboravatás - Semmelweis Ignác - Genf, Általános Orvostudományi Kar, Semmelweis Emlékbizottság, Lázár György - dékán, Németh Gábor - dékánhelyettes, Bari Ferenc - prodékán
|
| 856 |
4 |
0 |
|u http://univ.bibl.u-szeged.hu/49591/1/Szegedi%20Tudom%C3%A1nyegyetem%20_%20Semmelweis%20Ign%C3%A1c%20eml%C3%A9k%C3%A9re%20avattak%20szobrot%20Genfben%2C%20a%20WHO%20sz%C3%A9kh%C3%A1z%C3%A1ban.pdf
|z Dokumentum-elérés
|